| 000 | 00978nam a2200277 i 4500 | ||
|---|---|---|---|
| 001 | 000042922 | ||
| 003 | DO-SdBNP | ||
| 005 | 20240614153426.0 | ||
| 007 | ta | ||
| 008 | 140212e1983 dr r 000 0 spa d | ||
| 040 |
_aDO-SdBNP _bspa _cBNPHU _erda |
||
| 082 | 4 |
_a972.93 _bM671n _222 |
|
| 100 | 1 |
_aMir, Pedro, _d1913-2000 _97245 _eautor |
|
| 245 | 1 | 3 |
_aLa noción de período en la historia dominicana / _cPedro Mir. |
| 264 |
_aSanto Domingo : _bUniversidad Autónoma de Santo Domingo, _c1983. |
||
| 300 |
_a3 volumen ; _c21 cm. |
||
| 336 |
_2rdacontent _atexto _btxt |
||
| 337 |
_2rdamedia _asinmediación _bn |
||
| 338 |
_2rdacarrier _avolumen _bnc |
||
| 490 |
_aHistoria y Sociedad ; _v44, 58 y 59 |
||
| 504 | _aBibliografía : páginas 801-807 | ||
| 590 | _aInventariado, 2024 / MF | ||
| 651 | 4 |
_aRepública Dominicana _xHistoria _xEnsayos, conferencias, etc. _97095 |
|
| 830 |
_aPublicaciones de la Universidad Autónoma de Santo Domingo ; _n324 _970385 |
||
| 942 |
_2ddc _cLBS1 |
||
| 999 |
_c42411 _d42411 |
||